• 首页
  • 本馆介绍
  • 公告通知
  • 最新文献
  • 馆藏检索
  • 电子资源
  • 读者导购
  • 参考咨询
  • 我的图书馆
  • 登录
  • 详细信息显示
  • 放入我的书架
  • 预约/预借图书
  • 作者相关作品
  • 分类相关作品
  • 丛书相关作品
  • 出版社相关作品

书目信息

  • 表格格式
  • 工作单格式
  • 卡片格式
题名:
文艺复兴时期哲学概论
    
 
作者: 索柯洛夫 著 ;汤侠生 译
分册:  
出版信息: 北京   北京大学出版社  1983
页数: 216页
开本: 19cm
丛书名:
单 册:
中图分类: B14
科图分类:
主题词: 近代哲学--世界 , 近代哲学
电子资源:
ISBN:
000 00734nam0 2200253 45
001 0183005977
005 20050523161536.7
010    @dCNY0.68
091    @a2209.15
100    @a19951001d1983 em y0chiy0121 ea
101 1  @achi@crus
102    @aCN@b110000
105    @ay z 000yy
200 10 @a文艺复兴时期哲学概论@Awen yi fu xing shi qi zhe xue gai lun@f(苏)В·В·索柯洛夫著@F(Su)В·В·Suo Ke Luo Fu Zhu@g汤侠生译
210    @a北京@c北京大学出版社@d1983
215    @a216页@d19cm
606 0  @a近代哲学@x世界
606 0  @a近代哲学
690    @aB14@v3
701  0 @a索柯洛夫@4著
702  0 @a汤侠生@Atang xia sheng@4译
801  0 @aCN@b上海图书馆@c20040508
801  2 @aCN@bNLC@c20040508
905    @dB14@e10@f1@b109513
    
    文艺复兴时期哲学概论/(苏)В·В·索柯洛夫著/汤侠生译.-北京:北京大学出版社,1983
    216页;19cm
    
    
    ISBN :CNY0.68
    
●
相关链接 在E读中查询图书 在五车中查询图书 在当当中查询图书 在豆瓣中查询图书


正题名:文艺复兴时期哲学概论     索取号:B14/10         预约/预借

序号 登录号 条形码 馆藏地/架位号 状态 备注
1 0109513   002048830   第一样本阅览室/ [索取号:B14/10] 在馆    
唐山师范学院图书馆 欢迎您!
大连网信软件有限公司© 版权所有